000 00821cab a2200241 4500
001 WB2801-34
008 090401t1991 xxu||||| |||| 00| 0 eng d
035 _a(Sirsi) u51318
041 _aeng
245 _aPublic spending for housing in 1992
260 _c1991
350 _a0
490 _aDoE News Release
_v(802) 16 December 1991 (5)
520 _aThe Housing Corporation is to receive a share of the £7.5m of public funds allocated by the government to housing, supporting the Approved Development Programme which will now be able to approve 50,900 new homes in the year 1992/93.
650 _aCOUNCIL HOUSING
650 _aESTATE ACTION
650 _aFUNDING
650 _aHOUSING ACTION TRUSTS
650 _aHOUSING ASSOCIATIONS
690 _aHOUSING-FINANCE
942 _n0
948 _c04/03/1997
999 _c31913
_d31913